Phare sa stáva fondom prípravy na členstvo v EÚ

Nová orientácia programu PHARE - posilnenie demokracie, podpora investícií do podnikov a infraštruktúry v pridružených krajinách. Program PHARE ako nástroj spolupráce medzi EÚ a pridruženými krajinami. Program PHARE a Slovensko.

Enregistré dans:
Détails bibliographiques
Auteur principal: Hajšel, R.
Format: Chapitre de livre
Langue:slovaque
Sujets:
Tags: Ajouter un tag
Pas de tags, Soyez le premier à ajouter un tag!

MARC

LEADER 00000naa a2200000 4500
001 r025753
005 20230921080500.7
041 0 |a slo 
044 |a SK 
245 1 0 |a Phare sa stáva fondom prípravy na členstvo v EÚ  |c R. Hajšel 
520 |a Nová orientácia programu PHARE - posilnenie demokracie, podpora investícií do podnikov a infraštruktúry v pridružených krajinách. Program PHARE ako nástroj spolupráce medzi EÚ a pridruženými krajinami. Program PHARE a Slovensko. 
610 2 0 |a Európska únia 
610 2 0 |a PHARE 
610 2 0 |a SVE 
610 2 0 |a investície 
610 2 0 |a podnik 
610 2 0 |a infraštruktúra 
610 2 0 |a demokracia 
100 1 |a Hajšel, R.